/ نزرِ حمید (Record no. 109265)

MARC details
000 -LEADER
fixed length control field 00790nam a22002417a 4500
005 - DATE AND TIME OF LATEST TRANSACTION
control field 20170123162351.0
010 ## - LIBRARY OF CONGRESS CONTROL NUMBER
LC control number A-086028
020 ## - INTERNATIONAL STANDARD BOOK NUMBER
Terms of availability 70.00
035 ## - SYSTEM CONTROL NUMBER
System control number A-086028
037 ## - SOURCE OF ACQUISITION
Source of stock number/acquisition Cen Lib/Ret
040 ## - CATALOGING SOURCE
Original cataloging agency DPL
Language of cataloging UR
082 ## - DEWEY DECIMAL CLASSIFICATION NUMBER
Classification number 080
Item number م ا ل
245 ## - TITLE STATEMENT
Title / نزرِ حمید
Remainder of title مرتبہ مالک رام
246 ## - VARYING FORM OF TITLE
Title proper/short title Nazr-e- Hameed
Remainder of title edited by Mali Ram
260 ## - PUBLICATION, DISTRIBUTION, ETC. (IMPRINT)
Place of publication, distribution, etc نئی دہلی
Name of publisher, distributor, etc مکتبہ جامہ لمیٹڈ
Date of publication, distribution, etc 1981
270 ## - ADDRESS
Address مکتبہ جامعہ لمیٹڈ، جامعہ نگر
City نئی دہلی
Postal code 110025
300 ## - PHYSICAL DESCRIPTION
Extent 556p.
Dimensions 20cm(Hb)
650 ## - SUBJECT ADDED ENTRY--TOPICAL TERM
Topical term or geographic name as entry element اردو ادب
9 (RLIN) 136645
650 ## - SUBJECT ADDED ENTRY--TOPICAL TERM
Topical term or geographic name as entry element جنرل مجموعوں
9 (RLIN) 136646
650 ## - SUBJECT ADDED ENTRY--TOPICAL TERM
Topical term or geographic name as entry element Urdu literature
9 (RLIN) 136647
650 ## - SUBJECT ADDED ENTRY--TOPICAL TERM
Topical term or geographic name as entry element General collections
9 (RLIN) 91165
942 ## - ADDED ENTRY ELEMENTS (KOHA)
Source of classification or shelving scheme Dewey Decimal Classification
Koha item type Urdu Bks
Classification part 080
Call number suffix م ا ل
Holdings
Withdrawn status Lost status Damaged status Not for loan Home library Current library Date acquired Source of acquisition Cost, normal purchase price Total Checkouts Full call number Barcode Date last seen Copy number Cost, replacement price Price effective from Koha item type
        Central Library Central Library 01/03/2016 Cen Lib/Ref 70.00   080 م ا ل A-086028 01/03/2016 1 70.00 01/03/2016 Urdu Bks

© Delhi Public Library
Hit Counter
free hit counter